Statistics for Biggest Coastal City by Country

Click here to take the quiz!

General Stats

  • This quiz has been taken 15,916 times
    (15,872 since last reset)
  • The average score is 11 of 21

Answer Stats

CountryCity% Correct
SpainBarcelona
93%
CanadaVancouver
87%
South AfricaCape Town
84%
IsraelTel Aviv
82%
FranceMarseille
81%
EgyptAlexandria
80%
RussiaSaint Petersburg
77%
United KingdomLiverpool
70%
IndiaMumbai
69%
PolandGdansk
58%
UkraineOdessa
53%
South KoreaBusan
44%
Saudi ArabiaJeddah
43%
KenyaMombasa
38%
MexicoTijuana
27%
GermanyKiel
26%
BangladeshChittagong
26%
BulgariaVarna
23%
ColombiaBarranquilla
20%
SudanPort Sudan
15%
SyriaLatakia
9%

Score Distribution

Percentile by Number Answered

Percent of People with Each Score

Your Score History

You have not taken this quiz since the last reset